Chaîne de mots "prénoms masculins" - Statistiques

Statistiques générales
  • Ce quiz a été pris 354 fois
  • Le résultat moyen est 23 sur 40
Statistiques - réponses
Question Prénom % Correct
Camus ou Einstein Albert
96%
Ribéry, Leboeuf ou Dubosc Franck
95%
Résidu de la percolation du café Marc
93%
Yannick qui chante, quel est son nom Noah
92%
Ce prénom fait penser au débardeur Marcel
88%
Prénom du Spationaute français Pesquet Thomas
85%
La boîte de conserve nommé Saurin William
84%
Girac, avec son andalouse Kendji
81%
Garros pour un tournoi de tennis sur terre battue Roland
81%
Les chocolats de Mr de Bruges, Jeff
79%
De Bruyne, Kevin
74%
Saint que l'on fête le 6 décembre Nicolas
74%
Arbre préféré de la marque Puget Olivier
70%
C'est sa fête le dernier jour de l'année civile Sylvestre
70%
Le seul footballeur français qui casse la démarche Samuel
68%
Les 3 premières lettres du département 78 avec une lettre en plus Yves
68%
Le créateur de la gravité avec sa pomme Isaac
65%
Commun a Yoka, Estanguet, Hawk par exemple Tony
65%
Prénom du gardien français Barthez Fabien
64%
Frère de Théo Hernandez Lucas
63%
Distel était son nom de famille Sacha
62%
Anagramme de TRANSIT Tristan
62%
Personnage de fiction de la série Ratatouille Rémy
59%
Prénom palindromique par le son, maison d'édition de manuel scolaire Nathan
53%
D'après Johnny, il est libre dans sa tête Diego
52%
Anagramme de NATUREL Laurent
52%
Deux mastodontes du rallye français avec prénom commun Sébastien
45%
Il accompagne Célestine dans un dessin animé depuis 2012 Ernest
41%
Multiple vainqueur slovène du tour de France (Pogacar) Tadej
39%
Le prénom Joseph retranscrit en arabe cela donne Youssef
37%
Territoire d'outremer ou pas Tom
34%
Un crustacé avec deux lettres en moins Omar
33%
Ce saint du Var est dans l'aire d'attraction de Fréjus Raphaël
33%
13 si on les nommé "ponts" Louis
30%
Prénom de l'ancien président américain Wilson Woodrow
25%
Peintre italien ayant réalisé la naissance de Vénus Sandro
22%
Style de rhum, Son prénom est aussi doux et rigoureux quand on parle du temps Clément
15%
Prénom d'origine arabe ayant donné son nom a un lac egyptien Nasser
15%
Zachary Levi a joué son rôle dans la série éponyme Chuck
6%
Depuis 2000, environ 47000 polonais l'ont Hubert
6%
Aucun quiz correspondant
Distribution des résultats
% des personnes avec chaque résultat
Percentile par nombre de réponses
Votre historique - résultats
Vous n’avez pas pris ce quiz